000 00969cad a22002295a 4500
001 E153780
008 110830s2011 xxk f 0 a0eng u
035 _a(Sirsi) u153780
041 0 _aeng
050 0 4 _a333.33 $2 18
110 2 _aCB Richard Ellis
_93675
245 0 0 _aScottish property quarterly
_bQ2 2011
_h[electronic resource]
260 _aLondon
_bCBRE
_c2011
490 0 _aScottish property quarterly
_vQ2 2011
520 _aDiscusses the performance of the different sectors of the Scottish commercial property market. Graphs depict capital growth, rental growth and annual returns. Reports that all property returns in Scotland for the Q2 2011 were 1.2%
590 _aKA
650 2 4 _aCB RICHARD ELLIS SCOTTISH PROPERTY QUARTERLY
651 4 _aScotland
_y1999-
690 _aPROPERTY-COMMERCIAL PROPERTY-COMMERCIAL PROPERTY MARKET
856 4 0 _uhttps://www.cbre.co.uk
_zView the item free of charge under research at www.cbre.co.uk...
942 _n0
999 _c112696
_d112696